Normal view
MARC view
Entry Personal Name
001 - CONTROL NUMBER
- control field: 21014
003 - CONTROL NUMBER IDENTIFIER
- control field: dpl
005 - DATE AND TIME OF LATEST TRANSACTION
- control field: 20100921152853.0
008 - FIXED-LENGTH DATA ELEMENTS
- fixed length control field: 100921|||a|||||| | ||| d
040 ## - CATALOGING SOURCE
- Original cataloging agency: dpl
- Transcribing agency: dpl
100 ## - HEADING--PERSONAL NAME
- Personal name: उपिंदर सिंह
670 ## - SOURCE DATA FOUND
- Source citation: Work cat.: (dpl)33912: दिल्लीःप्राचीन इतिहास /, 2010
670 ## - SOURCE DATA FOUND
- Source citation: Work cat.: (dpl)33912: दिल्लीःप्राचीन इतिहास /, 2010
